000 01659cam a22004458i 4500
999 _c5909
_d5909
001 24051147
003 OSt
005 20251127112918.0
008 250305t20252023nyu c 000 1 eng
010 _a 2025001322
020 _a9781665922616
_q(paperback)
035 _a24051147
040 _aDLC
_beng
_erda
_cDLC
_dKH8
042 _apcc
_acyac
082 _aFIC FAR
100 1 _aFarr, David,
_d1969-
_eauthor.
245 1 4 _aThe secret of the bloodred key /
_cDavid Farr ; illustrated by Kristina Kister.
246 3 _aSecret of the blood red key
250 _aFirst Simon & Schuster Books for Young Readers paperback edition.
264 1 _aNew York :
_bSimon & Schuster Books for Young Readers,
_c2025.
264 4 _c©2023
300 _a328 pages :
_c20 cm.
336 _atext
_btxt
_2rdacontent
336 _astill image
_bsti
_2rdacontent
337 _aunmediated
_bn
_2rdamedia
338 _avolume
_bnc
_2rdacarrier
385 _nage
_aPreteens
_0(DLC)dg2015060394
_2lcdgt
490 0 _aThe stolen dreams adventures ;
_v2
500 _a"Originally published in Great Britain in 2023 by Usborne Publishing, Ltd."
520 _aAs a Keeper of the Key, twelve-year-old Rachel must use her key to the Hinterland to rescue a young girl who is illegally smuggled into the land of the dead.
521 _aAges 8-12.
_bSimon & Schuster Books for Young Readers.
650 1 _aFantasy.
650 1 _aVoyages to the otherworld
_vFiction.
650 1 _aLocks and keys
_vFiction.
650 1 _aMagic
_vFiction.
655 7 _aFantasy fiction.
_2lcgft
655 7 _aNovels.
_2lcgft
700 1 _aKister, Kristina,
_eillustrator.
942 _2ddc
_cFIC